| 000 | 00874cam a2200313Mi 4500 | ||
|---|---|---|---|
| 001 | 73291 | ||
| 005 | 20230410132614.0 | ||
| 008 | 060816s2005 enk g 000 f eng d | ||
| 035 | _a(OCoLC)ocn440779844 | ||
| 040 |
_aSILIS _eppiak _bslv _cSILIS |
||
| 020 | _a0143039210 | ||
| 020 | _a9780143039211 | ||
| 035 | _a(OCoLC)440779844 | ||
| 044 |
_axxk _cgbr |
||
| 080 | _a821.111 | ||
| 049 | _aGRAL | ||
| 050 | 1 | 4 |
_aPR 6013 _bG799m 2005 |
| 100 | 1 |
_aGreene, Graham, _d1904-1991. _4aut |
|
| 245 | 1 | 4 |
_aThe man within / _cGraham Greene ; introduction by Jonathan Yardley. |
| 260 |
_aLondon : _bPenguin Books, _c2005. |
||
| 300 |
_aXXII, 195 str. ; _c20 cm. |
||
| 490 | 1 | _aPenguin classics | |
| 504 | _aBibliografija: str. XXI-XXII. | ||
| 700 | 1 |
_aYardley, Jonathan. _4aui |
|
| 830 | 0 | _aPenguin classics. | |
| 942 |
_2lcc _cbk |
||
| 994 |
_aC0 _bDRFGD |
||
| 946 | _aRCH | ||
| 999 |
_c84506 _d84506 |
||